000 00687nam a2200205Ii 4500
003 JO-AjNU
008 230605s9999||||xx |||||||||||||| ||und||
040 _aJO-AjNU
_bara
_erda
_cJO-AjNU
041 _aara
050 1 4 _aPJ7864.A22.K3752 1992
100 3 _aتأليف الكركي، خالد,
_eauthor
_935006
245 0 0 _aطه حسين روائيا
250 _aط1
264 3 1 _aبيروت: دار الجيل، 1992 ؛ عمان: مكتبة الرائد العلمية، 1992
300 _a327ص
336 _atext
_btxt
_2rdacontent
337 _aunmediated
_bn
_2rdamedia
338 _avolume
_bnc
_2rdacarrier
650 4 _aالأدب العربي - دراسة ونقد
_935007
999 _aA14409
_c17977
_d17977